Canadian/USA/UK Logos #3 - Statistics

General Stats
  • This quiz has been taken 28 times
  • The average score is 9 of 20
Answer Stats
Picture Answer % Correct
ACE Hardware
65%
Jollibee
57%
Cineplex
52%
Family Dollar
52%
Royal Mail
52%
Costa Coffee
48%
Menchie's
48%
President's Choice
48%
Publix
43%
Safeway
43%
Taco Time
43%
B&Q
39%
Greggs
39%
Indigo
35%
Sun Life Financial
35%
DavidsTea
30%
Jysk
30%
Purolator
30%
Real Canadian Superstore
30%
Wienerschnitzel
30%
No matching quizzes found
Score Distribution
Percent of People with Each Score
Percentile by Number Answered
Your Score History
You have not taken this quiz